| 000 | 00616nam a22001457a 4500 | ||
|---|---|---|---|
| 999 |
_c63439 _d63439 |
||
| 005 | 20251009160233.0 | ||
| 008 | 251009s1981 ru ||||| |||| 00| 0 rus d | ||
| 041 | _arus | ||
| 080 | _a611(084.4) C-38 | ||
| 100 |
_aСинельников, Р.Д. _926008 |
||
| 245 |
_aАтлас анатомии человека : _bТом 3. Учение о нервной системе, органах чувств и органах внутренней секреци / / _cР. Д. Синельников. |
||
| 264 |
_aМосква : _bМедицина. _c1981. |
||
| 300 |
_a400 стр.; _b26 см. |
||
| 942 |
_2udc _cᲬᲘᲒᲜᲘ |
||